000 00437nam a22001697a 4500
003 OSt
005 20251124150333.0
008 251124b |||||||| |||| 00| 0 eng d
020 _a978-0-14-241070-7
040 _cCL
100 _aGREEN, JOHN
245 _aAn abundance of Katherines /
260 _aNew York :
_bThe Penguin Group,
_c c2006.
300 _a227 pages ;
_c21 cm.
504 _aIncludes appendix.
942 _2ddc
_cFIC.
_n0
999 _c6114
_d6114